000 00541nam a2200181Ia 4500
008 230921s9999||||xx |||||||||||||| ||und||
020 _a978-981-10-6965-9
022 _a2662-7914
041 _aEN
100 _aAndrew Petersen
245 0 _aBones of Contention
250 _a1st ed. 2018
260 _c2018
_bSpringer Singapore
440 _aHeritage Studies in the Muslim World
856 _uhttps://doi.org/10.1007/978-981-10-6965-9
856 _uhttps://link.springer.com/openurl?genre=book&isbn=978-981-10-6965-9
942 _cEB
999 _c255582
_d255582